KSP Trivia - Statistics

General Stats
  • This quiz has been taken 6 times
  • The average score is 14 of 23
Answer Stats
Hint Answer % Correct
Kerbonaut 3 - Engineer Bill
100%
Kerbonaut 2 - Scientist Bob
100%
Planet it orbits Eve
100%
Kerbonaut 1 - Pilot Jebediah
100%
Planet it orbits Jool
100%
Kerbonaut 4 - Pilot Valentina
100%
Year KSP was released 2015
75%
Smallest moon in the game Gilly
75%
Moon that has an oxygenated atmosphere and liquid water Laythe
75%
First probe core unlocked in the science tech tree Probodobodyne Stayputnik
75%
Community-given name to the physics glitch that often destroys crafts The Kraken
75%
Largest moon in the game Tylo
75%
Name of the network that the above answer relies on CommNet
50%
Planet nobody cares about Dres
50%
Smallest liquid fueled engine in the game LV-1 "Ant" / LV-1R "Spider"
50%
Type of spacecraft needed for long-range communication Relay
50%
Type of craft (usually a spaceplane) that can reach orbit without staging Single stage to orbit (SSTO)
50%
Company that released it Squad
50%
Engine that trivializes making these crafts CR-7 R.A.P.I.E.R.
25%
Nickname of ion engine (named after a real spacecraft) Dawn
25%
Largest solid rocket engine in the game S2-33 "Clydesdale"
0%
Largest liquid fueled engine in the game S3 KS-25x4 "Mammoth"
0%
Smallest solid rocket engine in the game Sepratron I
0%
No matching quizzes found
Score Distribution
Percent of People with Each Score
Percentile by Number Answered
Your Score History
You have not taken this quiz